| 000 | 00775nam a2200265 a 4500 | ||
|---|---|---|---|
| 008 | |||
| 020 | _a0471589667 (cased) | ||
| 049 | _aMAIN | ||
| 090 | _aQH585.2 | ||
| 100 | 1 | _aFreshney, R. Ian. | |
| 245 | 1 | 0 |
_aCulture of animal cells : _ba manual of basic technique / _cR. Ian Freshney. |
| 250 | _a3rd ed. | ||
| 260 |
_aNew York : _bWiley-Liss, _cc1994. |
||
| 300 |
_axxiv, 486 p. : _bill. ; _c29 cm. |
||
| 504 | _aIncludes bibliographical references: p. 437-469. | ||
| 500 | _aIncludes index. | ||
| 650 | 0 | _aTissue culture. | |
| 650 | 0 | _aCell culture. | |
| 650 | 1 | 2 | _aCells, Cultured. |
| 907 |
_a.b1005473x _b09-09-04 _c17-04-03 |
||
| 003 | |||
| 005 | 20230123133230.0 | ||
| 040 | _cNUST | ||
| 942 |
_cBOOKS _kQH585.2 |
||
| 999 |
_c145038 _d145038 |
||